MARC

LEADER 00000nam0a2200000 4500
001 338858
005 20231102005105.0
035 |a (RuTPU)RU\TPU\book\365362 
090 |a 338858 
100 |a 20171204d1974 km y0rusy50 ca 
101 0 |a rus 
102 |a RU 
105 |a a z 001zy 
200 1 |a Самонастраивающиеся системы с релейными элементами  |f В. И. Козлов 
210 |a Москва  |c Энергия  |d 1974 
215 |a 89 с.  |c ил. 
225 1 |a Библиотека по автоматике  |v Вып. 525 
320 |a Библиогр.: с. 87-89 
606 1 |a Автоматические системы управления  |x Самонастраивающиеся  |2 stltpush  |3 (RuTPU)RU\TPU\subj\902  |9 29708 
610 1 |a расчет 
610 1 |a автоматический метод 
610 1 |a графоаналитический метод 
610 1 |a статистическая линеаризация 
610 1 |a вынужденные движения 
610 1 |a адаптивные свойства 
610 1 |a автоколебания 
610 1 |a управление 
610 1 |a переходные режимы 
610 1 |a сигналы 
610 1 |a летательные аппараты 
675 |a 681.513.8  |v 4 
700 1 |a Козлов  |b В. И.  |g Василий Иванович 
801 1 |a RU  |b 63413507  |c 20171204 
801 2 |a RU  |b 63413507  |c 20181019  |g RCR 
942 |c BK